Footpaths and bridleways in England and Wales (Record no. 98212)

MARC details
000 -LEADER
fixed length control field 00667cam a2200217 4500
001 - CONTROL NUMBER
control field D10381
008 - FIXED-LENGTH DATA ELEMENTS--GENERAL INFORMATION
fixed length control field 090401t1974 xxu||||| |||| 00| 0 eng d
022 ## - INTERNATIONAL STANDARD SERIAL NUMBER
International Standard Serial Number 0305-4713
035 ## - SYSTEM CONTROL NUMBER
System control number (Sirsi) u94886
041 ## - LANGUAGE CODE
Language code of text/sound track or separate title eng
050 ## - LIBRARY OF CONGRESS CALL NUMBER
Classification number 346.410435
100 ## - MAIN ENTRY--PERSONAL NAME
Personal name Chapman, Derek Harry
245 ## - TITLE STATEMENT
Title Footpaths and bridleways in England and Wales
260 ## - PUBLICATION, DISTRIBUTION, ETC.
Date of publication, distribution, etc. 1974
350 ## - PRICE (NR) (BK AM CF MU VM SE) [OBSOLETE]
Price 0
490 ## - SERIES STATEMENT
Series statement Land Agency and Agriculture Practice Leaflet
Volume/sequential designation 8
520 ## - SUMMARY, ETC.
Summary, etc. In RICS Land Agency and Agriculture Division. Practice leaflets. 1974/9
710 ## - ADDED ENTRY--CORPORATE NAME
Corporate name or jurisdiction name as entry element Royal Institution of Chartered Surveyors. Land Agency and Agriculture Division
9 (RLIN) 1449
942 ## - ADDED ENTRY ELEMENTS (KOHA)
Suppress in OPAC 0
948 ## - LOCAL PROCESSING INFORMATION (OCLC); SERIES PART DESIGNATOR (RLIN)
c (OCLC) 04/03/1997
Holdings
Withdrawn status Lost status Source of classification or shelving scheme Damaged status Not for loan Home library Current library Shelving location Date acquired Total Checkouts Full call number Barcode Date last seen Copy number Price effective from Koha item type
    Other/Generic Classification Scheme     London London RICS Boxes 06/04/2001   1974/9 94886-1001 06/08/2019 1 06/08/2019 Reference material